Loading...
| History - World | 0 | 6 | 1 | 1 | 55 | 96 | 123.50 | 0 | 1 | 0.00 | 0.00 |
| Literature - British | 0 | 5 | 0 | 0 | 50 | 133 | 150.00 | 0 | 1 | 0.00 | 0.00 |
| History - US | 0 | 5 | 1 | 0 | 45 | 100 | 116.40 | 0 | 0 | 0.00 | 0.00 |
| Social Science | 0 | 4 | 0 | 0 | 40 | 108 | 129.75 | 0 | 1 | 0.00 | 0.00 |
| Beliefs | 0 | 4 | 2 | 1 | 30 | 136 | 144.25 | 0 | 2 | 0.00 | 0.00 |
| History - Other | 0 | 4 | 2 | 1 | 30 | 98 | 117.75 | 0 | 2 | 0.00 | 0.00 |
| Literature - American | 0 | 3 | 0 | 1 | 30 | 122 | 133.67 | 0 | 0 | 0.00 | 0.00 |
| Philosophy | 0 | 3 | 0 | 1 | 30 | 99 | 114.33 | 0 | 0 | 0.00 | 0.00 |
| Literature - World | 0 | 3 | 1 | 1 | 25 | 103 | 123.00 | 0 | 1 | 0.00 | 0.00 |
| Fine Arts - Other | 1 | 0 | 0 | 0 | 15 | 39 | 39.00 | 1 | 1 | 0.00 | 0.00 |
| Science - Biology | 0 | 2 | 1 | 1 | 15 | 91 | 102.50 | 0 | 0 | 0.00 | 0.00 |
| Science - Physics | 0 | 1 | 0 | 0 | 10 | 156 | 156.00 | 0 | 1 | 0.00 | 0.00 |
| Literature - European | 0 | 1 | 0 | 0 | 10 | 113 | 113.00 | 0 | 1 | 0.00 | 0.00 |
| Modern World | 0 | 1 | 0 | 0 | 10 | 93 | 93.00 | 0 | 1 | 0.00 | 0.00 |
| Science - Chemistry | 0 | 1 | 0 | 1 | 10 | 129 | 129.00 | 0 | 0 | 0.00 | 0.00 |
| Fine Arts - Visual | 0 | 1 | 0 | 0 | 10 | 135 | 135.00 | 0 | 0 | 0.00 | 0.00 |
| History - European | 0 | 3 | 5 | 0 | 5 | 97 | 118.00 | 1 | 2 | 0.00 | 0.00 |
| Other Academic | 0 | 1 | 1 | 1 | 5 | 123 | 123.00 | 0 | 0 | 0.00 | 0.00 |
| Science - Other | 0 | 0 | 0 | 0 | 0 | 0.00 | 0 | 0 | 0.00 | 0.00 | |
| Fine Arts - Classical Music and Opera | 0 | 0 | 3 | 0 | -15 | 0.00 | 0 | 0 | 0.00 | 0.00 |